000 00304nam a2200097Ia 4500
082 _a370.15|MWAM
245 0 _aThe triumph and prosperity of education in Africa
100 _a MWAMWENDA, Tuntufye S. Pretoria, South Africa, 2013
_959128
942 _cBK
008 210817s9999 xx 000 0 und d
999 _c185527
_d185526